header

Moscow 1941 (Record no. 133594)

MARC details
000 -LEADER
fixed length control field 01336nam a2200325Ia 4500
082 04 - DEWEY DECIMAL CLASSIFICATION NUMBER
Classification number 940.534731
100 1# - MAIN ENTRY--AUTHOR NAME
Personal name Braithwaite, Rodric,
245 10 - TITLE STATEMENT
Title Moscow 1941
250 ## - EDITION STATEMENT
Edition statement Rev. and updated ed.
260 ## - PUBLICATION, DISTRIBUTION, ETC. (IMPRINT)
Place of publication London :
Name of publisher Profile Books Ltd.,
Year of publication 2007.
300 ## - PHYSICAL DESCRIPTION
Number of Pages xiii, 446, [32] p. :
Other physical details ill., maps.
650 #0 - SUBJECT ADDED ENTRY--TOPICAL TERM
Topical Term Moscow, Battle of, Moscow, Russia, 1941-1942.
Topical Term World War, 1939-1945
Topical Term World War, 1939-1945
856 40 - ELECTRONIC LOCATION AND ACCESS
Uniform Resource Identifier http://site.ebrary.com/lib/rucke/Doc?id=10437731

No items available.

© 2026 Rongo University
Contact us: librarian | system librarian | Rongo university